00586nam a2200181Ia 450000500170000000800460001703700120006304000200007504100130009508400190010810000270012724500530015426000450020730000100025294200190026299900210028195201020030220250508153320.0008 250505s9999 xx 000 0 eng d aTextual aFEDLbengcFEDL aeng2eng a607, DOUqFEDL aDouglas Paul H9121665 0aAmerican apprenticeship and industrial education aNew York, USAbColumbia Universityc1921 a348p. cTEXLh607, DOU c1341964d1341964 00104070aFEDLbFEDLd2025-05-08l0o607, DOUpEL0024988r2025-05-08 15:33:20w2025-05-08yTEXL